000 00731nam a22002057a 4500
003 3228
005 20241010121322.0
008 241010b sa ||||| |||| 00| 0 eng d
020 _a9781621137962
_cBook
_qPbk
040 _aRDA
_c3228
082 _a746.46 DAVI
100 _aDavis, Jodie
_eAuthor
_9189752
245 _aMini quilts: fresh, fun patterns to quilt in a snap
_cDavis Jodie and Davis Jayne [Authors], Little Ashley [editor], Mullen Shawna [executive editor]
300 _a171 pages;
_bcolor illustrations
_c25.5cm x 20.4 cm
500 _aInclude index
700 _aDavis Jayne
_eAuthor
_9189753
700 _aMullen Shawna
_eexecutive editor
_9189754
700 _aLittle Ashley
_eEditor
_9189755
942 _2ddc
_cBK
_w209
_xSizakele Vilanculo
_y209
_zSizakele Vilanculo
999 _c768759
_d768758